Online Catalogue and eLibrary

The High Chair and Cancer Days (Record no. 5674)

MARC details
000 -LEADER
fixed length control field 00510nam a2200157Ia 4500
005 - DATE AND TIME OF LATEST TRANSACTION
control field 20241111233919.0
008 - FIXED-LENGTH DATA ELEMENTS--GENERAL INFORMATION
fixed length control field 240331s9999 xx 000 0 und d
020 ## - INTERNATIONAL STANDARD BOOK NUMBER
ISBN 9559552910
082 ## - DDC Classification
Item Number - Author Mark KUL
Class No. 823
100 ## - MAIN ENTRY--PERSONAL NAME
Personal name Kulatunga,S
245 #4 - TITLE STATEMENT
Title The High Chair and Cancer Days
260 ## - PUBLICATION, DISTRIBUTION, ETC.
Place of publication, distribution, etc. Colombo
Name of publisher, distributor, etc. Pasad Books
Date of publication, distribution, etc. 1997
300 ## - PHYSICAL DESCRIPTION
Extent (e.g. Volumes, Pages etc.) 131 p .,
500 ## - GENERAL NOTE
General note " The High Chair" which was written in 1977 was awarded the first prize in the competition held in 1977 by the English Association of Sri Lanka.
942 ## - Koha item type (Biblio)
Koha item type Books in Stacks (Lending)
Holdings
Lost status Damaged status Collection code Home library Current library Shelving location Date acquired Full call number Accession Number Item type
    Lending WERC Library WERC Library Social Science Cupboard 03/31/2024 823 KUL 6644 Books in Stacks (Lending)

© WERC Library